• 首页
  • 本馆介绍
  • 公告通知
  • 最新文献
  • 馆藏检索
  • 电子资源
  • 读者导购
  • 参考咨询
  • 我的图书馆
  • 登录
  • 详细信息显示
  • 放入我的书架
  • 预约/预借图书
  • 作者相关作品
  • 分类相关作品
  • 丛书相关作品
  • 出版社相关作品

书目信息

  • 表格格式
  • 工作单格式
  • 卡片格式
题名:
第四次浪潮
    
 
作者: 甘哈曼 著 ;林怀卿 译
分册:  
出版信息: 北京   中国友谊出版公司  1984
页数: 300页
开本: 19cm
丛书名:
单 册:
中图分类: G303
科图分类:
主题词: 未来学
电子资源:
ISBN:
000 00689nam0 2200253 45
001 0184004723
005 20060727175406.89
010    @dCNY2.00
091    @aCN@b13309.1
100    @a19950704d1984 em y0chiy0121 ea
101 1  @achi@ceng
102    @aCN@b110000
105    @ay z 000yy
200 10 @a第四次浪潮@Adi si ci lang chao@dThe fourth wave@zeng@f(美)甘哈曼著@g林怀卿译
210    @a北京@c中国友谊出版公司@d1984
215    @a300页@d19cm
510 1  @aThe fourth wave@zeng
606    @a未来学
690    @aG303@v3
701  1 @a甘哈曼@Agan ha man@4著
702  0 @a林怀卿@Alin huai qing@4译
801  2 @aCN@bNLC@c20060727
801  0 @aCN@bTSSF
905    @a10447@dG303@e115
    
    第四次浪潮=The fourth wave/(美)甘哈曼著/林怀卿译.-北京:中国友谊出版公司,1984
    300页;19cm
    
    
    ISBN :CNY2.00
    
●
相关链接 在E读中查询图书 在五车中查询图书 在当当中查询图书 在豆瓣中查询图书


正题名:第四次浪潮     索取号:G303/115         预约/预借

序号 登录号 条形码 馆藏地/架位号 状态 备注
1 0440177   204401771   密集书库/ [索取号:G303/115] 在馆    
唐山师范学院图书馆 欢迎您!
大连网信软件有限公司© 版权所有